[Event "European Women's Chess Club Cup 2023"]
[Site "Durres, Albania"]
[Date "2023.10.05"]
[Round "5.1"]
[White "Van Foreest, Machteld"]
[Black "Stefanova, Antoaneta"]
[Result "1/2-1/2"]
[TimeControl "90' + 30' & 30\""]
[WhiteElo "2266"]
[BlackElo "2424"]

1. e4 {[%clk 01:30:58]} {[%emt 00:00:02]} e5 {[%clk 01:30:43]} {[%emt
00:00:18]} 2. Nf3 {[%clk 01:31:23]} {[%emt 00:00:05]} Nc6 {[%clk 01:31:07]}
{[%emt 00:00:06]} 3. d4 {[%clk 01:31:41]} {[%emt 00:00:12]} exd4 {[%clk
01:31:06]} {[%emt 00:00:30]} 4. Nxd4 {[%clk 01:32:03]} {[%emt 00:00:08]} Qf6
{[%clk 01:30:24]} {[%emt 00:01:12]} 5. Nf3 {[%clk 01:32:30]} {[%emt 00:00:04]}
Bb4+ {[%clk 01:27:59]} {[%emt 00:02:55]} 6. c3 {[%clk 01:31:37]} {[%emt
00:01:23]} Bc5 {[%clk 01:28:08]} {[%emt 00:00:19]} 7. Be2 {[%clk 01:31:50]}
{[%emt 00:00:19]} Qe7 {[%clk 01:16:03]} {[%emt 00:12:34]} 8. O-O {[%clk
01:21:04]} {[%emt 00:11:15]} Nf6 {[%clk 01:12:57]} {[%emt 00:03:37]} 9. b4
{[%clk 01:11:14]} {[%emt 00:10:21]} Bb6 {[%clk 01:12:37]} {[%emt 00:00:50]} 10.
Qc2 {[%clk 00:54:15]} {[%emt 00:17:28]} O-O {[%clk 00:55:15]} {[%emt 00:17:53]}
11. Nbd2 {[%clk 00:52:36]} {[%emt 00:02:09]} d6 {[%clk 00:49:16]} {[%emt
00:06:29]} 12. Bb2 {[%clk 00:48:37]} {[%emt 00:04:29]} Bg4 {[%clk 00:47:09]}
{[%emt 00:02:37]} 13. Rae1 {[%clk 00:43:50]} {[%emt 00:05:17]} a6 {[%clk
00:44:49]} {[%emt 00:02:51]} 14. Nd4 {[%clk 00:34:34]} {[%emt 00:09:45]} Ne5
{[%clk 00:39:30]} {[%emt 00:05:48]} 15. Kh1 {[%clk 00:29:54]} {[%emt 00:05:10]}
Bxe2 {[%clk 00:21:59]} {[%emt 00:18:02]} 16. Rxe2 {[%clk 00:30:10]} {[%emt
00:00:15]} Nh5 {[%clk 00:19:36]} {[%emt 00:02:52]} 17. g3 {[%clk 00:18:55]}
{[%emt 00:11:44]} Qd7 {[%clk 00:19:06]} {[%emt 00:01:00]} 18. Nf5 {[%clk
00:10:46]} {[%emt 00:08:39]} g6 {[%clk 00:17:45]} {[%emt 00:01:51]} 19. f4
{[%clk 00:11:03]} {[%emt 00:00:12]} Ng4 {[%clk 00:16:06]} {[%emt 00:02:09]} 20.
Nd4 {[%clk 00:11:15]} {[%emt 00:00:18]} c5 {[%clk 00:13:13]} {[%emt 00:03:23]}
21. bxc5 {[%clk 00:11:10]} {[%emt 00:00:35]} dxc5 {[%clk 00:13:38]} {[%emt
00:00:06]} 22. N4f3 {[%clk 00:11:14]} {[%emt 00:00:26]} Rad8 {[%clk 00:12:57]}
{[%emt 00:01:11]} 23. c4 {[%clk 00:08:54]} {[%emt 00:02:50]} Qd3 {[%clk
00:12:58]} {[%emt 00:00:29]} 24. Qxd3 {[%clk 00:06:45]} {[%emt 00:02:40]} Rxd3
{[%clk 00:13:26]} {[%emt 00:00:02]} 25. Ne1 {[%clk 00:04:47]} {[%emt 00:02:28]}
Rxg3 {[%clk 00:01:51]} {[%emt 00:12:04]} 26. hxg3 {[%clk 00:05:08]} {[%emt
00:00:10]} Nxg3+ {[%clk 00:02:20]} {[%emt 00:00:01]} 27. Kg2 {[%clk 00:05:34]}
{[%emt 00:00:04]} Nxe2 {[%clk 00:02:45]} {[%emt 00:00:04]} 28. Kf3 {[%clk
00:06:03]} {[%emt 00:00:01]} Nh2+ {[%clk 00:03:04]} {[%emt 00:00:11]} 29. Kxe2
{[%clk 00:06:32]} {[%emt 00:00:02]} Nxf1 {[%clk 00:03:30]} {[%emt 00:00:04]} 30.
Nxf1 {[%clk 00:06:59]} {[%emt 00:00:03]} Bc7 {[%clk 00:03:16]} {[%emt
00:00:44]} 31. Nd3 {[%clk 00:06:01]} {[%emt 00:01:28]} b5 {[%clk 00:02:13]}
{[%emt 00:01:32]} 32. Nxc5 {[%clk 00:05:32]} {[%emt 00:00:59]} Bxf4 {[%clk
00:01:54]} {[%emt 00:00:50]} 33. Nd7 {[%clk 00:02:40]} {[%emt 00:03:22]} Rc8
{[%clk 00:02:16]} {[%emt 00:00:07]} 34. Nf6+ {[%clk 00:02:48]} {[%emt
00:00:22]} Kf8 {[%clk 00:02:42]} {[%emt 00:00:05]} 35. Kf3 {[%clk 00:02:42]}
{[%emt 00:00:36]} Bd6 {[%clk 00:01:45]} {[%emt 00:01:25]} 36. cxb5 {[%clk
00:03:04]} {[%emt 00:00:09]} Rc2 {[%clk 00:00:48]} {[%emt 00:01:27]} 37. Nxh7+
{[%emt 00:01:17]} Ke8 38. Nf6+ {[%clk 00:02:27]} {[%emt 00:00:20]} Kd8 {[%clk
00:01:47]} {[%emt 00:00:01]} 39. Bd4 {[%clk 00:02:05]} {[%emt 00:00:51]} axb5
{[%clk 00:01:57]} {[%emt 00:00:20]} 40. e5 {[%clk 00:01:37]} {[%emt 00:00:58]}
Be7 {[%clk 00:00:44]} {[%emt 00:01:44]} 41. Nd5 {[%clk 00:26:26]} {[%emt
00:05:41]} Rxa2 {[%clk 00:29:17]} {[%emt 00:01:56]} 42. Nfe3 {[%clk 00:24:08]}
{[%emt 00:02:49]} Ra4 {[%clk 00:24:30]} {[%emt 00:05:15]} 43. Bb2 {[%clk
00:12:31]} {[%emt 00:12:09]} Bc5 {[%clk 00:22:38]} {[%emt 00:02:22]} 44. Nc3
{[%clk 00:10:58]} {[%emt 00:02:03]} Rh4 {[%clk 00:21:45]} {[%emt 00:01:22]} 45.
Ned1 {[%clk 00:07:29]} {[%emt 00:04:00]} Bd4 {[%clk 00:19:22]} {[%emt
00:02:53]} 46. Nxb5 {[%clk 00:03:10]} {[%emt 00:04:49]} Bxb2 {[%clk 00:16:46]}
{[%emt 00:03:05]} 47. Nxb2 {[%clk 00:03:38]} {[%emt 00:00:02]} Rb4 {[%clk
00:17:10]} {[%emt 00:00:06]} 48. Nd6 {[%clk 00:04:07]} {[%emt 00:00:02]} Rxb2
{[%clk 00:17:29]} {[%emt 00:00:10]} 49. Nxf7+ {[%clk 00:04:35]} {[%emt
00:00:02]} Ke7 {[%clk 00:17:32]} {[%emt 00:00:27]} 50. Ng5 {[%clk 00:04:49]}
{[%emt 00:00:16]} Rb4 {[%clk 00:17:16]} {[%emt 00:00:44]} 51. Kg3 {[%clk
00:04:28]} {[%emt 00:00:53]} Kd7 {[%clk 00:04:22]} {[%emt 00:13:25]} 52. Kf3
{[%clk 00:03:59]} {[%emt 00:00:59]} Kc6 {[%clk 00:04:47]} {[%emt 00:00:04]} 53.
Nh3 {[%clk 00:03:39]} {[%emt 00:00:50]} Kd7 {[%clk 00:04:03]} {[%emt 00:01:13]}
54. Ng5 {[%clk 00:03:56]} {[%emt 00:00:14]} Ke7 {[%clk 00:04:24]} {[%emt
00:00:09]} 55. Kg3 {[%clk 00:04:18]} {[%emt 00:00:08]} Rc4 {[%clk 00:04:37]}
{[%emt 00:00:17]} 56. Kf3 {[%clk 00:04:16]} {[%emt 00:00:32]} Ra4 {[%clk
00:04:57]} {[%emt 00:00:10]} 57. Kg3 {[%clk 00:04:39]} {[%emt 00:00:08]} Ra1
{[%clk 00:03:36]} {[%emt 00:01:51]} 58. Kf4 {[%clk 00:02:53]} {[%emt 00:02:15]}
Rf1+ {[%clk 00:03:35]} {[%emt 00:00:31]} 59. Nf3 {[%clk 00:01:49]} {[%emt
00:01:35]} Kf7 {[%clk 00:03:46]} {[%emt 00:00:19]} 60. Ke4 {[%clk 00:01:54]}
{[%emt 00:00:25]} Kg7 {[%clk 00:04:05]} {[%emt 00:00:10]} 61. Nh2 {[%clk
00:01:42]} {[%emt 00:00:41]} Re1+ {[%clk 00:02:44]} {[%emt 00:01:52]} 62. Kd5
{[%clk 00:02:07]} {[%emt 00:00:05]} g5 {[%clk 00:02:28]} {[%emt 00:00:47]} 63.
Nf3 {[%clk 00:00:45]} {[%emt 00:01:52]} Rd1+ {[%clk 00:02:48]} {[%emt
00:00:08]} 64. Ke4 {[%clk 00:01:14]} {[%emt 00:00:03]} g4 {[%clk 00:02:28]}
{[%emt 00:00:49]} 65. Nh4 {[%clk 00:01:03]} {[%emt 00:00:41]} Kh6 {[%clk
00:02:35]} {[%emt 00:00:24]} 66. Nf5+ {[%clk 00:00:47]} {[%emt 00:00:46]} Kg5
{[%clk 00:02:36]} {[%emt 00:00:28]} 67. e6 {[%clk 00:01:13]} {[%emt 00:00:04]}
Re1+ {[%clk 00:00:41]} {[%emt 00:02:25]} 68. Ne3 {[%clk 00:01:42]} {[%emt
00:00:02]} Kf6 {[%clk 00:00:33]} {[%emt 00:00:38]} 69. Kf4 {[%clk 00:02:04]}
{[%emt 00:00:08]} g3 {[%clk 00:00:51]} {[%emt 00:00:11]} 70. Ng2 {[%clk
00:01:41]} {[%emt 00:00:52]} Rxe6 {[%clk 00:00:59]} {[%emt 00:00:23]} 71. Kxg3
{[%clk 00:02:09]} {[%emt 00:00:03]} Ke5 {[%clk 00:01:03]} {[%emt 00:00:25]} 72.
Kf3 {[%clk 00:01:03]} {[%emt 00:01:36]} Kd4 {[%clk 00:01:26]} {[%emt 00:00:07]}
73. Kf4 {[%clk 00:01:00]} {[%emt 00:00:32]} Rf6 {[%clk 00:01:51]} {[%emt
00:00:06]} 74. Kg5 {[%clk 00:01:24]} {[%emt 00:00:05]} Rf8 {[%clk 00:01:40]}
{[%emt 00:00:42]} 75. Nf4 {[%clk 00:01:39]} {[%emt 00:00:16]} Ke4 {[%clk
00:02:03]} {[%emt 00:00:07]} 76. Ng6 {[%clk 00:01:19]} {[%emt 00:00:49]} Rf1
{[%clk 00:01:45]} {[%emt 00:00:48]} 77. Ne7 {[%clk 00:01:17]} {[%emt 00:00:33]}
Rf2 {[%clk 00:01:31]} {[%emt 00:00:44]} 78. Ng6 {[%clk 00:01:42]} {[%emt
00:00:05]} Rf7 {[%clk 00:01:33]} {[%emt 00:00:27]} 79. Kg4 {[%clk 00:01:51]}
{[%emt 00:00:21]} Rf5 {[%clk 00:01:49]} {[%emt 00:00:15]} 80. Nh4 {[%clk
00:02:03]} {[%emt 00:00:17]} Rf1 {[%clk 00:01:47]} {[%emt 00:00:33]} 81. Kg5
{[%clk 00:02:21]} {[%emt 00:00:12]} Rh1 {[%clk 00:01:01]} {[%emt 00:01:16]} 82.
Ng6 {[%clk 00:02:45]} {[%emt 00:00:06]} Rf1 {[%clk 00:01:20]} {[%emt 00:00:12]}
83. Ne7 {[%clk 00:03:10]} {[%emt 00:00:04]} Rf2 {[%clk 00:01:12]} {[%emt
00:00:39]} 84. Ng6 {[%clk 00:03:35]} {[%emt 00:00:05]} Rf5+ {[%clk 00:01:29]}
{[%emt 00:00:13]} 85. Kg4 {[%clk 00:04:02]} {[%emt 00:00:04]} Ra5 {[%clk
00:01:51]} {[%emt 00:00:08]} 86. Nh4 {[%clk 00:04:14]} {[%emt 00:00:17]} Ra1
{[%clk 00:01:56]} {[%emt 00:00:24]} 87. Kg5 {[%clk 00:04:40]} {[%emt 00:00:05]}
Rg1+ {[%clk 00:02:18]} {[%emt 00:00:08]} 88. Kf6 {[%clk 00:05:04]} {[%emt
00:00:05]} Rg3 {[%clk 00:02:33]} {[%emt 00:00:14]} 89. Ng6 {[%clk 00:05:22]}
{[%emt 00:00:14]} Rf3+ {[%clk 00:02:56]} {[%emt 00:00:07]} 90. Kg5 {[%clk
00:05:47]} {[%emt 00:00:04]} Rf7 {[%clk 00:03:05]} {[%emt 00:00:22]} 91. Kg4
{[%clk 00:05:59]} {[%emt 00:00:18]} Rf5 {[%clk 00:03:04]} {[%emt 00:00:32]} 92.
Nh4 {[%clk 00:06:04]} {[%emt 00:00:24]} Rb5 {[%clk 00:03:23]} {[%emt 00:00:11]}
93. Ng6 {[%clk 00:06:21]} {[%emt 00:00:13]} Ra5 {[%clk 00:03:36]} {[%emt
00:00:18]} 94. Nh4 {[%clk 00:06:34]} {[%emt 00:00:16]} Ke5 {[%clk 00:03:59]}
{[%emt 00:00:07]} 95. Nf3+ {[%clk 00:06:56]} {[%emt 00:00:08]} Kf6 {[%clk
00:04:23]} {[%emt 00:00:06]} 96. Kf4 {[%clk 00:06:12]} {[%emt 00:01:14]} Ra4+
{[%clk 00:04:46]} {[%emt 00:00:07]} 97. Ke3 {[%clk 00:06:37]} {[%emt 00:00:05]}
Ke6 {[%clk 00:05:12]} {[%emt 00:00:04]} 98. Nd4+ {[%clk 00:06:51]} {[%emt
00:00:16]} Ke5 {[%clk 00:05:38]} {[%emt 00:00:05]} 99. Nf3+ {[%clk 00:07:17]}
{[%emt 00:00:03]} Kd5 {[%clk 00:06:06]} {[%emt 00:00:02]} 100. Ng5 {[%clk
00:07:34]} {[%emt 00:00:13]} Rg4 {[%clk 00:06:17]} {[%emt 00:00:19]} 101. Nf3
{[%clk 00:08:02]} {[%emt 00:00:02]} Re4+ {[%clk 00:06:42]} {[%emt 00:00:06]}
102. Kf2 {[%clk 00:08:28]} {[%emt 00:00:04]} Re8 {[%clk 00:06:48]} {[%emt
00:00:24]} 103. Kg3 {[%clk 00:06:38]} {[%emt 00:02:20]} Ke4 {[%clk 00:07:08]}
{[%emt 00:00:09]} 104. Ng5+ {[%clk 00:07:02]} {[%emt 00:00:07]} Kf5 {[%clk
00:07:30]} {[%emt 00:00:09]} 105. Nf3 {[%clk 00:07:23]} {[%emt 00:00:08]} Re3
{[%clk 00:07:56]} {[%emt 00:00:04]} 106. Kf2 {[%clk 00:07:45]} {[%emt
00:00:08]} Kf4 {[%clk 00:08:18]} {[%emt 00:00:08]} 107. Ng1 {[%clk 00:07:54]}
{[%emt 00:00:21]} Ra3 {[%clk 00:08:26]} {[%emt 00:00:22]} 108. Ne2+ {[%clk
00:08:22]} {[%emt 00:00:02]} Kg4 {[%clk 00:08:33]} {[%emt 00:00:24]} 109. Nd4
{[%clk 00:08:29]} {[%emt 00:00:22]} Rd3 {[%clk 00:08:50]} {[%emt 00:00:13]} 110.
Ne2 {[%clk 00:08:53]} {[%emt 00:00:06]} Kg5 {[%clk 00:09:12]} {[%emt 00:00:07]}
111. Kg2 {[%clk 00:09:10]} {[%emt 00:00:13]} Kf5 {[%clk 00:09:34]} {[%emt
00:00:09]} 112. Kf2 {[%clk 00:09:37]} {[%emt 00:00:04]} Kg4 {[%clk 00:09:59]}
{[%emt 00:00:05]} 113. Ng1 {[%clk 00:09:13]} {[%emt 00:00:53]} Ra3 {[%clk
00:09:33]} {[%emt 00:00:56]} 114. Ne2 {[%clk 00:08:32]} {[%emt 00:01:11]} Rf3+
{[%clk 00:09:41]} {[%emt 00:00:22]} 115. Ke1 {[%clk 00:08:57]} {[%emt
00:00:05]} Rf8 {[%clk 00:10:02]} {[%emt 00:00:09]} 116. Kd2 {[%clk 00:09:18]}
{[%emt 00:00:09]} Kf3 {[%clk 00:10:25]} {[%emt 00:00:07]} 117. Nd4+ {[%clk
00:09:14]} {[%emt 00:00:34]} Ke4 {[%clk 00:10:43]} {[%emt 00:00:12]} 118. Nc2
{[%clk 00:09:41]} {[%emt 00:00:03]} Rf2+ {[%clk 00:10:54]} {[%emt 00:00:19]}
119. Kc3 {[%clk 00:10:07]} {[%emt 00:00:04]} Rh2 {[%clk 00:11:16]} {[%emt
00:00:08]} 120. Nb4 {[%clk 00:10:29]} {[%emt 00:00:08]} Rh8 {[%clk 00:11:39]}
{[%emt 00:00:08]} 121. Nc2 {[%clk 00:10:53]} {[%emt 00:00:05]} 1/2-1/2

[Event "European Women's Chess Club Cup 2023"]
[Site "Durres, Albania"]
[Date "2023.10.05"]
[Round "5.2"]
[White "Socko, Monika"]
[Black "Muetsch, Annmarie"]
[Result "1/2-1/2"]
[TimeControl "90' + 30' & 30\""]
[WhiteElo "2380"]
[BlackElo "2262"]

1. d4 {[%clk 01:30:58]} {[%emt 00:00:01]} d6 {[%clk 01:30:43]} {[%emt
00:00:17]} 2. Nf3 {[%clk 01:30:10]} {[%emt 00:01:19]} g6 {[%clk 01:30:43]}
{[%emt 00:00:29]} 3. c4 {[%clk 01:29:09]} {[%emt 00:01:31]} Bg7 {[%clk
01:31:00]} {[%emt 00:00:13]} 4. Nc3 {[%clk 01:28:57]} {[%emt 00:00:42]} Nd7
{[%clk 01:30:18]} {[%emt 00:01:12]} 5. e4 {[%clk 01:28:31]} {[%emt 00:00:57]}
e5 {[%clk 01:30:16]} {[%emt 00:00:32]} 6. Be2 {[%clk 01:26:28]} {[%emt
00:02:32]} Ngf6 {[%clk 01:29:52]} {[%emt 00:00:53]} 7. O-O {[%clk 01:25:56]}
{[%emt 00:01:03]} O-O {[%clk 01:30:04]} {[%emt 00:00:17]} 8. Be3 {[%clk
01:26:17]} {[%emt 00:00:10]} c6 {[%clk 01:28:47]} {[%emt 00:01:47]} 9. d5
{[%clk 01:23:19]} {[%emt 00:03:28]} c5 {[%clk 01:25:24]} {[%emt 00:03:52]} 10.
Ne1 {[%clk 01:21:58]} {[%emt 00:01:52]} Ne8 {[%clk 01:20:23]} {[%emt 00:05:31]}
11. Nd3 {[%clk 01:21:01]} {[%emt 00:01:26]} Qe7 {[%clk 01:18:45]} {[%emt
00:02:09]} 12. b4 {[%clk 01:08:56]} {[%emt 00:12:36]} cxb4 {[%clk 01:13:56]}
{[%emt 00:05:18]} 13. Nxb4 {[%clk 01:09:17]} {[%emt 00:00:09]} Nc5 {[%clk
01:12:07]} {[%emt 00:02:19]} 14. Nd3 {[%clk 01:06:43]} {[%emt 00:03:04]} b6
{[%clk 01:05:51]} {[%emt 00:06:46]} 15. a4 {[%clk 01:04:40]} {[%emt 00:02:33]}
f5 {[%clk 01:03:39]} {[%emt 00:02:42]} 16. f3 {[%clk 01:01:55]} {[%emt
00:03:15]} Nf6 {[%clk 01:02:14]} {[%emt 00:01:55]} 17. a5 {[%clk 00:50:48]}
{[%emt 00:11:37]} Bd7 {[%clk 00:58:40]} {[%emt 00:04:04]} 18. Nxc5 {[%clk
00:45:09]} {[%emt 00:06:10]} bxc5 {[%clk 00:58:45]} {[%emt 00:00:24]} 19. Qc2
{[%clk 00:41:22]} {[%emt 00:04:17]} fxe4 {[%clk 00:53:51]} {[%emt 00:05:24]} 20.
fxe4 {[%clk 00:40:43]} {[%emt 00:01:09]} Ng4 {[%clk 00:52:03]} {[%emt
00:02:18]} 21. Bxg4 {[%clk 00:40:10]} {[%emt 00:01:03]} Bxg4 {[%clk 00:52:24]}
{[%emt 00:00:10]} 22. Rab1 {[%clk 00:38:43]} {[%emt 00:01:57]} Rab8 {[%clk
00:49:28]} {[%emt 00:03:24]} 23. Rxf8+ {[%clk 00:36:08]} {[%emt 00:03:06]} Qxf8
{[%clk 00:47:24]} {[%emt 00:02:33]} 24. h3 {[%clk 00:28:37]} {[%emt 00:08:02]}
Bd7 {[%clk 00:43:00]} {[%emt 00:04:54]} 25. Nb5 {[%clk 00:28:00]} {[%emt
00:01:07]} a6 {[%clk 00:32:53]} {[%emt 00:10:37]} 26. Nc3 {[%clk 00:23:30]}
{[%emt 00:05:00]} Qd8 {[%clk 00:30:10]} {[%emt 00:03:12]} 27. Bd2 {[%clk
00:22:37]} {[%emt 00:01:24]} Bf6 {[%clk 00:28:21]} {[%emt 00:02:18]} 28. Qc1
{[%clk 00:19:18]} {[%emt 00:03:50]} Kf7 {[%clk 00:25:36]} {[%emt 00:03:15]} 29.
Nd1 {[%clk 00:18:41]} {[%emt 00:01:07]} Ba4 {[%clk 00:24:12]} {[%emt 00:01:54]}
30. Nf2 {[%clk 00:16:16]} {[%emt 00:02:56]} Bd7 {[%clk 00:22:44]} {[%emt
00:01:56]} 31. Rb2 {[%clk 00:14:34]} {[%emt 00:02:12]} Ke8 {[%clk 00:17:40]}
{[%emt 00:05:34]} 32. Qb1 {[%clk 00:06:50]} {[%emt 00:08:14]} Rxb2 {[%clk
00:15:03]} {[%emt 00:03:07]} 33. Qxb2 {[%clk 00:07:18]} {[%emt 00:00:02]} Bg5
{[%clk 00:14:41]} {[%emt 00:00:52]} 34. Qc1 {[%clk 00:03:42]} {[%emt 00:04:06]}
1/2-1/2